000 00242nam a2200097Ia 4500
001 1206625
005 20251015093519.0
008 250824s9999 xx 000 0 und d
245 0 _aSAVAŞÇI
_cDOĞAN CÜCELOĞLU
260 _bREMZİ KİTABEVİ
999 _c1206625
_d1206625